| 000 | 00642nam a2200193Ia 4500 | ||
|---|---|---|---|
| 008 | 220705s9999||||xx |||||||||||||| ||und|| | ||
| 020 | _a978-981-16-6826-5 | ||
| 020 | _a978-981-16-6827-2 | ||
| 040 | _cSpringer | ||
| 041 | _aENG | ||
| 100 | _a Patrick Nullens | ||
| 100 | _a Steven C. van den Heuvel | ||
| 100 | _aJermo van Nes | ||
| 245 | 0 | _aCentral Bank Policy Mix: Issues, Challenges, and Policy Responses | |
| 260 |
_bSpringer Nature Singapore _c2022 |
||
| 650 | _aEconomics and Finance | ||
| 856 |
_fhttps://doi.org/10.1007/978-981-16-6827-2 _uhttps://link.springer.com/openurl?genre=book&isbn=978-981-16-6827-2 |
||
| 942 | _cEBK | ||
| 999 |
_c77311 _d77311 |
||